000 00669nam a2200253Ia 4500
003 OSt
005 20220930185907.0
006 a|||||r|||| 00| 0
007 ta
008 220926b |||||||| |||| 00| 0 eng d
024 _a89136
037 _cTextbook
040 _aCRL
_cCRL
_beng
041 _2eng
_aeng
082 _aR6,32, K4
100 _aMainkar T.G.
245 0 _aThe samkhyakarika of isvarakrsna
260 _aPoona
_bOriental Book Agency India
_c1964
300 _a174p.
_ccm.
650 _aPHILOSOPHY
700 _a Gaudapada Cm.
_9403487
942 _hR6,32, K4
_cTB
_2CC
999 _c891170
_d891170